| 000 | 00000nam 2200000za 4500 |
| 001 | 9.675796 |
| 003 | CaOODSP |
| 005 | 20250327152748 |
| 007 | cr ||||||||||| |
| 008 | 150407|1997||||xxc|||||o f|0| 0 iku d |
| 040 | |aCaOODSP|bfre |
| 043 | |an-cn--- |
| 086 | 1 |aH34-84/1997Spa-PDF|zH34-84/1997S-PDF |
| 110 | 1 |aCanada.|bSanté Canada. |bDirection générale des services médicaux. |
| 245 | 10|a[Ça prend une communauté - Cadre de travail pour l'Initiative des Premières Nations et des Inuits sur le syndrome d'alcoolisme foetal et les effets de l'alcool sur le foetus : |h[ressource électronique]|bmanuel de ressources à l'usage des programmes communautaires de prévention et d'intervention en matière de syndrome d'alcoolisme foetal et des effets de l'alcool sur le foetus]. |
| 250 | |a[Édition inuktitut]. |
| 260 | |aOttawa - Ontario : |bSanté Canada. |cc1997, réimpression 1997, 2001. |
| 300 | |a122p. |
| 500 | |aLe n° de catalogue (H34-84/1997E) et l'ISBN (0-662-25944-0) de l'édition imprimée en langue anglaise ont été incorrectement copiés dans cette publication. |
| 500 | |aPublié aussi en français sous le titre : Ça prend une communauté - Cadre de travail pour l'Initiative des Premières Nations et des Inuits sur le syndrome d'alcoolisme foetal et les effets de l'alcool sur le foetus : manuel de ressources à l'usage des programmes communautaires de prévention et d'intervention en matière de syndrome d'alcoolisme foetal et des effets de l'alcool sur le foetus. |
| 546 | |aTexte en inuktitut. |
| 590 | |a12-26-Supp|b2012-06-07 |
| 691 | 07|aConsommation d'alcool|2gcpds |
| 691 | 07|aGrossesse|2gcpds |
| 775 | 08|tÇa prend une communauté - Cadre de travail pour l'Initiative des Premières Nations et des Inuits sur le syndrome d'alcoolisme foetal et les effets de l'alcool sur le foetus : |w(CaOODSP)9.640405 |
| 791 | |t[It takes a community - Framework for the First Nations and Inuit Fetal Alcohol Syndrome and Fetal Alcohol Effects Initiative : |eeng|w(CaOODSP)9.675795 |
| 856 | 40|ahttp://publications.gc.ca|qPDF|s1.15 Mo|uhttps://publications.gc.ca/collections/collection_2012/sc-hc/H34-84-1997-iku.pdf |